000 00713nam a22002177a 4500
005 20240530110521.0
008 160217s2013 ua o g 000 0 ara d
017 _a2012/13126
_bمصر . دار الكتب المصرية
020 _a9789774277481
040 _aEG-CaGPL
082 0 4 _221
_a932
_bق/و م
100 0 _aوسيم السيسى .
245 1 0 _aمصر علمت العالم .
250 _aط1.
260 _aالقاهرة :
_bالدار المصرية اللبنانية ،
_c2013 .
300 _a175 ص :
_bصور ؛
_c20 سم .
650 0 4 _aالحضارة الفرعونية .
650 0 4 _aمصر القديمة .
942 _2ddc
_cBK
999 _c61882
_d61882